000 01192nam a2200157Ia 4500
005 20250117103656.0
008 250117s9999 xx 000 0 und d
020 _a9780140286861
082 _a330KRU
100 _aKrugman, Paul R.
245 4 _aThe accidental theorist
_band other dispatches from the dismal science
260 _aLondon
_bPenguin
_c1999
300 _a204 p. ; 22 cm.
520 _aIn this wonderfully cohesive set of sharp and witty essays, Paul Krugman tackles bad economic ideas from across the political spectrum. In plain English, he enlightens us on the Asian crisis, corporate downsizing, and the globalization of the American economy, among other topics. The writing here brilliantly combines the acerbic style and clever analysis that has made Krugman famous. Imagine declaring New York its own country and you get a better picture of our trade balance with China and Hong Kong. Try reducing the economy to the production of hot dogs and buns and you?ll understand why common beliefs about the impact of production efficiency on labor demand are wrong. This is a collection that will amuse, provoke, and enlighten, in classic Paul Krugman style
650 _aEconomics.
999 _c4048
_d4048